Ignacio Díaz Morales /

Збережено в:
Бібліографічні деталі
Автор: Díaz Morales, Ignacio (autor)
Інші автори: García Oropeza, Guillermo (autor) (autor), Gómez Barbosa, Alberto (fotógrafo) (fotógrafo)
Формат: Книга
Мова:Іспанська
Опубліковано: Guadalajara, México : Universidad de Guadalajara, 1982, c1982
Теги: Додати тег
Немає тегів, Будьте першим, хто поставить тег для цього запису!

MARC

LEADER 00000nam^a2200000^a^4500
001 000556058
005 20250526000000.0
009 20260310131732
037 |a Acervo ITESO - Biblioteca 
041 |a ESP 
091 |a FHA. 01225 
100 |a Díaz Morales, Ignacio  |e (autor) 
245 1 0 |a Ignacio Díaz Morales / 
264 4 |a Guadalajara, México :  |b Universidad de Guadalajara,  |c 1982, c1982 
300 |a 42, [46] p. ;  |c 23.0 cm. 
336 |a texto  |b txt  |2 rdacontenido 
337 |a sin mediación  |b n  |2 rdamedio 
338 |a volumen  |b nc  |2 rdasoporte 
515 |a Inventario familia Hartung: 1545 
649 |a XX 
700 |a García Oropeza, Guillermo  |e (autor) 
700 |a Gómez Barbosa, Alberto  |e (fotógrafo) 
910 |a Fondo Horst Hartung Franz 
920 |a Impresos - Libros 
930 |a Libros Antiguos y Raros 
905 |a 135 
901 |a 0500331323  |b IT2  |c LRA  |i D  |u 20250526 
902 |a https://opac.biblio.iteso.mx/vufind/Record/000556058